| 000 | 00818cam a2200253 a 4500 | ||
|---|---|---|---|
| 999 |
_c2863 _d2863 |
||
| 001 | 9814 | ||
| 003 | BD-DhUAP | ||
| 005 | 20210130160810.0 | ||
| 008 | 200229s1998 bg abf b f000 0 eng | ||
| 020 | _a0500282277 | ||
| 020 | _a9780500282274 | ||
| 040 |
_aBD-DhUAP _cBD-DhUAP _dBD-DhUAP _bEng |
||
| 082 |
_a720.92 SLE _223 |
||
| 100 | _aSlessor, Catherine. | ||
| 245 |
_aConcrete regionalism / _cCatherine Slessor. |
||
| 260 |
_aLondon : _bThames & Hudson, _c©2000. |
||
| 300 |
_a128 pages : _billustrations ; _c25 cm. |
||
| 504 | _aIncludes bibliographical references and index. | ||
| 600 | _aPredock, Antoine -- Criticism and interpretation. | ||
| 650 | _aArchitecture, Modern | ||
| 650 | _aArchitectural practice, International. | ||
| 942 |
_2ddc _cBK |
||